[Event "Copenhagen Chess Challenge 2016"]
[Site "Ballerup"]
[Date "2016.04.23"]
[Round "7"]
[White "Andersen, Mads"]
[Black "Kristensen, Kaare Hove"]
[Result "1-0"]
[WhiteElo "2504"]
[BlackElo "2341"]
[EventDate "2016.04.20"]

1.d4 d5 2.c4 e6 3.Nf3 c5 4.cxd5 exd5 5.Nc3 Nc6 6.dxc5 d4 7.Na4 Bxc5 8.Nxc5
Qa5+ 9.Qd2 Qxc5 10.a3 Bg4 11.b4 Qd5 12.Bb2 O-O-O 13.Rc1 Bxf3 14.exf3 Qe6+ 
15.Be2 d3 16.Bxg7 dxe2 17.Qxe2 Qg6 18.Bxh8 Qxg2 19.Rf1 Qg5 20.Qe3 Qd5 21.
Rg1 Ne7 22.Kf1 Nf5 23.Qe4 Qb5+ 24.Kg2 Nd6 25.Qg4+ f5 26.Qf4 Rxh8 27.Qxd6 
Qe2 28.Qf4 a6 29.Kh1 1-0